Tödlichste Kriege pro Jahrhundert - Statistiken

Allgemein
  • Dieses Quiz wurde 128 mal gespielt
  • Das Durchschnittsergebnis liegt bei 5 aus 30
Antwortstatistiken
Jh Region Jahre Tote Krieg % Korrekt
20 weltweit 1939-1945 80 Mio. Zweiter Weltkrieg
99%
20 weltweit 1914-1918 17-40 Mio. Erster Weltkrieg
95%
21 Mittlerer Osten 2003-2011 405.000-654.965 Irakkrieg
46%
21 Mittlerer Osten seit 2011 580.000-613.407+ Bürgerkrieg in Syrien
40%
17 Mitteleuropa 1618-1648 4-12 Mio. Dreißigjähriger Krieg
31%
19 Europa,Nordafrika, Karibik 1792-1815 4,5-8,0 Mio. Koalitionskriege
28%
18 Europa, Nordafrika 1792-1815 4,5-8,0 Mio. Koalitionskriege
28%
20 Osteuropa, Nordasien, Zentralasien 1917-1922 7-12 Mio. Russischer Bürgerkrieg
23%
20 Ostasien 1927-1949 8,0-11,69 Mio. Chinesischer Bürgerkrieg
22%
20 Ostasien 1937-1945 20-25 Mio. Zweiter Japanisch-Chinesischer Krieg
19%
18 Europa,Atlantik
Nordamerika
Karibik, Südamerika, Südasien
1756-1763 868.000-1,4 Mio. Siebenjähriger Krieg
15%
16 Westeuropa 1562-1598 2-4 Mio. Hugenottenkriege
7%
19 Ostasien 1851-1864 20-30 Mio. Taiping-Aufstand
7%
21 Zentralafrika 1998-2003 2,5-5,4 Mio. Zweiter Kongokrieg
7%
21 Mittlerer Osten,Ostafrika 2001-2021 272.000-1,26 Mio. Krieg gegen den Terror
6%
16 Mittelamerika 1519-1530 8-10 Mio. Spanische Eroberung Mexikos
5%
16 Südamerika 1532-1572 8,4 Mio.+ Spanische Eroberung Perus
5%
17 Mitteleuropa, Nordeuropa Osteuropa 1655-1661 3 Mio. Zweiter Nordischer Krieg
5%
18 Europa,Atlantik, Nordamerika, Karibik 1701-1715 400.000-1,25 Mio. Spanischer Erbfolgekrieg
4%
16 Südamerika 1502-1540 5-8 Mio. Spanische Eroberung Neugranadas
2%
21 Ostafrika 2013-2020 383.000+ Bürgerkrieg im Südsudan
1%
18 Südasien 1658-1707 5 Mio.+ Dekkan-Kriege
1%
17 Südasien 1658-1707 5 Mio.+ Dekkan-Kriege
1%
19 Ostasien 1854-1856 1 Mio.+ Aufstand der Roten Turbane
0%
19 Ostasien 1862-1877 8-20 Mio. Dunganenaufstände
0%
17 Ostasien 1618-1683 25 Mio.+ Eroberung Chinas durch die Qing
0%
17 Westeuropa 1639-1653 500.000-876.000 Kriege der Drei Königreiche
0%
19 Südl. Afrika 1817-1840 1-2 Mio. Mfecane
0%
16 Mittelamerika 1519-1595 1,46 Mio. Spanische Eroberung Yucatáns
0%
18 Südostasien 1771-1788 1,2-2,0 Mio.+ Tây-Sơn-Aufstand
0%
Keine übereinstimmenden Quizze gefunden
Verteilung der Resultate
Anzahl Personen mit jedem Resultat
Perzentil nach korrekt beantworteten Fragen
Ihre Resultats-Entwicklung
Sie haben dieses Quiz noch nicht gespielt